Accounting for Managers: (Record no. 186213)

MARC details
000 -LEADER
fixed length control field 00684nam a22002177a 4500
005 - DATE AND TIME OF LATEST TRANSACTION
control field 20220217100057.0
010 ## - LCCN (DPL NO)
LC control number ENG-131644
020 ## - INTERNATIONAL STANDARD BOOK NUMBER
International Standard Book Number 9788194868736
Terms of availability 370.00
035 ## - SYSTEM CONTROL NUMBER
System control number EN-115176
037 ## - SOURCE OF ACQUISITION
Source of stock number/acquisition DBAD
082 ## - DEWEY DECIMAL CLASSIFICATION NUMBER
Classification number 658.1511
100 ## - MAIN ENTRY--PERSONAL NAME
Personal name Kumar, K. Kishore
245 ## - TITLE STATEMENT
Title Accounting for Managers:
Remainder of title I-BBA/II-Semester/
Statement of responsibility, etc K. Kishore Kumar
260 ## - PUBLICATION, DISTRIBUTION, ETC. (IMPRINT)
Place of publication, distribution, etc Hyderabad
Name of publisher, distributor, etc Amaravati Publications
Date of publication, distribution, etc 2021
270 ## - ADDRESS
Address # 326/C, III Floor, Surneni Nilayam Near B K Guda Park, S R Nagar
City Hyderabad
Postal code 500038
300 ## - PHYSICAL DESCRIPTION
Extent viii, 384p.
Dimensions 24cm(pbk)
700 ## - ADDED ENTRY--PERSONAL NAME
Personal name Mahesh, V.
700 ## - ADDED ENTRY--PERSONAL NAME
Personal name Viswatham, B.
700 ## - ADDED ENTRY--PERSONAL NAME
Personal name Reddy, P. Reddappa
942 ## - ADDED ENTRY ELEMENTS (KOHA)
Source of classification or shelving scheme Dewey Decimal Classification
Item type English Books
Classification part 658.1511
Call number suffix KKI
Holdings
Withdrawn status Lost status Not for loan Collection code Home library Current library Date acquired Source of acquisition Cost, normal purchase price Full call number Barcode Copy number Cost, replacement price Koha item type
      Non-fiction Central Library Central Library 17/02/2022 DBAD/PUB 370.00 658.1511 ACC EN-115176 1 370.00 English Books

© Delhi Public Library
Hit Counter
free hit counter